Welcome to CU Library Online Public Access Catalogue (OPAC)

BASIC STATISTICS (Record no. 6030)

MARC details
000 -LEADER
fixed length control field 00475nam a22001457a 4500
005 - DATE AND TIME OF LATEST TRANSACTION
control field 20250529132056.0
008 - FIXED-LENGTH DATA ELEMENTS--GENERAL INFORMATION
fixed length control field 250529b |||||||| |||| 00| 0 eng d
020 ## - INTERNATIONAL STANDARD BOOK NUMBER
International Standard Book Number 998803315
050 ## - LIBRARY OF CONGRESS CALL NUMBER
Classification number HA 29
Item number NSO
100 ## - MAIN ENTRY--PERSONAL NAME
Personal name NSOWAH-NUAMAH, NICHOLAS N. N
245 ## - TITLE STATEMENT
Title BASIC STATISTICS
Remainder of title A Handbook of Descriptive Statistics for Social and Biological Sciences
Statement of responsibility, etc. NICHOLAS N. N. NSOWAH-NUAMAH
260 ## - PUBLICATION, DISTRIBUTION, ETC.
Place of publication, distribution, etc. ACCRA
Name of publisher, distributor, etc. ACADEC PRESS
Date of publication, distribution, etc. c2005
300 ## - PHYSICAL DESCRIPTION
Extent xi.; 488p.;
Other physical details ills;
942 ## - ADDED ENTRY ELEMENTS (KOHA)
Source of classification or shelving scheme Library of Congress Classification
Koha item type Books
Suppress in OPAC No
999 ## -
-- 6030
-- 6030
Holdings
Withdrawn status Lost status Source of classification or shelving scheme Damaged status Not for loan Collection Home library Current library Shelving location Date acquired Total checkouts Full call number Barcode Date last seen Copy number Price effective from Koha item type
    Library of Congress Classification     Non-fiction Undergraduate Library (Christ Temple) Undergraduate Library (Christ Temple) General stacks 05/29/2025   HA 29 NSO ulct00002719 05/29/2025 1 05/29/2025 Books
    Library of Congress Classification     Non-fiction Undergraduate Library (Christ Temple) Undergraduate Library (Christ Temple) General stacks 05/29/2025   HA 29 NSO ulct00002720 05/29/2025 2 05/29/2025 Books
© 2023-2024 Copyright: Central University Libraries. All Rights Reserved | Created by: Mahone Tech Office